00742nam a22002297a 450000500170000000800410001701700120005801800090007002000180007904000240009705000280012108200080014910000300015724500580018726000990024530000230034456300110036765000320037865000350041065000250044565000420047020250416224634.0241125b |||||||| |||| 00| 0 eng d aLD.4410 a2024 a9789788546276 aNLNbEnglisheAACR2 aDT515.83b.A315 A3 2023 a925 aAKPAM, Monica Membereaut aGod's maiden :bMy life story /c Monica Member Akpam aBenue State (P.O.Box 161, High Level Plot 6875 David Mark by-Pass) : bAboki Publishers,c2023 axiv, 53p. ;b21cm. a(pbk.) aApkam, Monica Member, 1983- aNursesvNigeriaxAutobiography aSisterhoodsvNigeria aSisterhood of Congregation of sisters